01107cam a2200253 a 450000500170000000800410001702000150005804100080007305000060008108000180008710000260010524502030013126000250033430000330035944001250039249001310051750400400064865000240068865000250071265000330073770000260077070000300079670000270082620131127065554.0910312s1990 au a b 000 0 ger  a32140699500 ager b. a332.26.025.88 aHofreither, Schneider00aPrivatisierung und Deregulierung öffentlicher Unternehmen in westeuropäischen Ländern :cHerausgeber, Friedrich Schneider, Markus F. Hofreither ; mit Beiträgen von Rainer Bartel ... [et.al.] aWien :bManz,c1990. a207 f . :bme ill. ;c23 cm. 0aSchriftenreihe des Ludwig Boltzmann-Instituts für Ökonomische Analysen Wirtschaftspolitischer Aktivitäten ;vBd. 6 aSchriftenreihe des Ludwig Boltzmann-Instituts für Ökonomische Analysen Wirtschaftspolitischer Aktivitäten ;vVëllimi 6 aLiteraturverzeichnis : f. [187]-191 0aPrivatizimizEuropa 0aLiberalizimizEuropa 0aPolitika IndustrialezEuropa1 aSchneider, Friedrich.1 aHofreither, Markus Franz.1 aBartel, Rainer,d1957-